| 000 | 00768nam a22002177a 4500 | ||
|---|---|---|---|
| 999 |
_c572 _d572 |
||
| 003 | AR-CdUCM | ||
| 008 | 190225b ||||| |||| 00| 0 spa d | ||
| 040 |
_aMUNICIPALIDAD PROVINCIAL DEL CUSCO _cBIBLIOTECA MUNICIPAL DEL CUSCO |
||
| 082 |
_a808.8 / _bS21 |
||
| 100 |
_aSanchez Zevallos, Edgardo _92227 |
||
| 245 |
_aPaginas Libres del Recuerdo / _cSánchez Zevallos, Edgardo |
||
| 260 |
_aCajamarca, Peru: _bAsociacion Impresiones y Publicaciones Obispo Martinez Compañon , _c1989. |
||
| 300 |
_a48 paginas : _c20.2 cm. |
||
| 505 | _aPoesia Peruana... | ||
| 650 |
_aPoesia Peruana. _9280 |
||
| 650 |
_aLiteratura Escrita. _92146 |
||
| 650 |
_aPoesia Cajamarca. _92228 |
||
| 700 |
_aSánchez Zevallos, Edgardo _92229 |
||
| 942 |
_2ddc _cLIBROS |
||
| 945 |
_artm _d2019-02-25 |
||